Klimt (Record no. 1505)

MARC details
000 -LEADER
campo de control de longitud fija 00368nam a2200133 4500
008 - DATOS DE LONGITUD FIJA--INFORMACIÓN GENERAL
campo de control de longitud fija 759.36 K65n
020 ## - NÚMERO INTERNACIONAL ESTÁNDAR DEL LIBRO
Número Internacional Estándar del Libro 9786074046236
082 ## - NÚMERO DE LA CLASIFICACIÓN DECIMAL DEWEY
Número de clasificación 759.36
Número de ítem K65n
100 ## - ENTRADA PRINCIPAL--NOMBRE DE PERSONA
Nombre de persona Carl, Klaus
9 (RLIN) 6413
245 ## - MENCIÓN DEL TÍTULO
Título Klimt
260 ## - PUBLICACIÓN, DISTRIBUCIÓN, ETC.
Lugar de publicación, distribución, etc. Slovenia
Nombre del editor, distribuidor, etc. Korotan Ljublijana
Fecha de publicación, distribución, etc. 2012
300 ## - DESCRIPCIÓN FÍSICA
Extensión 256 p.
Otras características físicas ill (col)
Dimensiones 17 x 15 cm
650 ## - PUNTO DE ACCESO ADICIONAL DE MATERIA--TÉRMINO DE MATERIA
Subdivisión general artistas - Austria
-- artistas - biografía
-- Klimt, Gustav
9 (RLIN) 6414
Holdings
Estatus retirado Estado de pérdida Fuente del sistema de clasificación o colocación Estado de daño No para préstamo Biblioteca de origen Biblioteca actual Ubicación en estantería Fecha de adquisición Total de préstamos Signatura topográfica completa Código de barras Visto por última vez Precio de reemplazo Tipo de ítem Koha
    Clasificación Decimal Dewey     Biblioteca LadoV Biblioteca LadoV   21/06/2018   759.36 K65n 004610 21/06/2018 21/06/2018 Material 01